Statistiques concernant Noms d'animes (à remplir)

Cliquez ici pour prendre le quiz!

Statistiques générales

  • Ce quiz a été pris 419 fois
    (335 depuis la dernière actualisation)
  • Le résultat moyen est 26 sur 36

Statistiques - réponses

Indice% Correct
Assassination {Classroom}
98%
Attack on {Titan} (snk)
98%
One {Punch} Man
98%
My Hero {Academia} (bnha)
97%
{Naruto} Shippuden
97%
{One} Piece
97%
{Tokyo} Ghoul
97%
Demon {Slayer} (kny)
96%
{Death} Note
95%
{Dragon} {Ball} {Z} (dbz)
95%
{Fairy} Tail
95%
{Hunter} {x} {Hunter} (hxh)
95%
{Black} Clover
93%
The Promised {Neverland}
91%
Your {Lie} in April
91%
No {Game} No Life
90%
JoJo's {Bizarre} {Adventure}
85%
{Sword} {Art} {Online} (sao)
81%
Soul {Eater}
79%
{Saint} Seiya
75%
Violet {Evergarden}
75%
{Your} Name (Kimi no na wa)
73%
{Akame} ga Kill
69%
{Fullmetal} {Alchemist}: {Brotherhood} (fmab)
69%
Kill {la} Kill
63%
Bungo Stray {Dogs}
61%
{Mob} {Psycho} 100
59%
{Angel} Beats
57%
{City} Hunter (Nicky Larson)
48%
Guilty {Crown}
44%
Elfen {Lied}
42%
Plastic {Memories}
37%
Log {Horizon}
35%
Twin Star {Exorcist}
18%
BNA: {Brand} {New} {Animal}
16%
Rage of {Bahamut} (snb)
13%

Distribution des résultats

Percentile par nombre de réponses

% des personnes avec chaque résultat

Votre développement - résultats

Vous n’avez pas pris ce quiz depuis la dernière actualisation